Příjmy z pronájmu a prodeje nemovitosti z hlediska daně z příjmu
Nájomná zmluva a podmienky prenájmu nehnuteľností v Česku. Príjmy z prenájmu nehnuteľností z titulu spoluvlastníctva. Nepeňažné plnenie nájomného. Technické zhodnotenie a odpisy.
Salvato in:
| Autore principale: | |
|---|---|
| Natura: | Capitolo di libro |
| Lingua: | ceco |
| Soggetti: | |
| Tags: |
Nessun Tag, puoi essere il primo ad aggiungerne!!
|
MARC
| LEADER | 00000naa a2200000 4500 | ||
|---|---|---|---|
| 001 | 0125361 | ||
| 005 | 20230925092233.9 | ||
| 041 | 0 | |a cze | |
| 044 | |a CZ | ||
| 245 | 1 | 0 | |a Příjmy z pronájmu a prodeje nemovitosti z hlediska daně z příjmu |c Eva Sedláková |
| 520 | |a Nájomná zmluva a podmienky prenájmu nehnuteľností v Česku. Príjmy z prenájmu nehnuteľností z titulu spoluvlastníctva. Nepeňažné plnenie nájomného. Technické zhodnotenie a odpisy. | ||
| 610 | 2 | 0 | |a Česko |
| 610 | 2 | 0 | |a nehnuteľnosti |
| 610 | 2 | 0 | |a prenájom zmluvný |
| 610 | 2 | 0 | |a príjmy peňažné |
| 610 | 2 | 0 | |a prevod majetku |
| 610 | 2 | 0 | |a účtovníctvo daňové |
| 610 | 2 | 0 | |a povinnosť daňová |
| 610 | 2 | 0 | |a základ dane |
| 610 | 2 | 0 | |a dane zo zisku |
| 100 | 1 | |a Sedláková, Eva | |